| 000 | 00327nam a22000977a 4500 | ||
|---|---|---|---|
| 008 | 211115b ||||| |||| 00| 0 eng d | ||
| 100 | _aHeinrich Kohler Auctions | ||
| 245 | _aBayern (Bavaria) 1849-1875 Hilmar Kraus Col (part 3) 2017 | ||
| 260 |
_aWiesbaden, Germany _bHeinrich Kohler Auctions _c2017 |
||
| 650 | _aBavaria| German States | ||
| 999 |
_c3212 _d3212 |
||